LIBRARY & INFORMATION CENTRE, KCAET, TAVANUR

ONLINE PUBLIC ACCESS CATALOGUE (OPAC)

Assessment of Ergonomic Parameters of Rice Transplanters for Women Operators (Record no. 14891)

MARC details
000 -LEADER
fixed length control field 00693nam a22001817a 4500
003 - CONTROL NUMBER IDENTIFIER
control field OSt
088 ## - REPORT NUMBER
Report number T373
100 ## - MAIN ENTRY--AUTHOR NAME
Personal name GORLA GAYATHRI
245 ## - TITLE STATEMENT
Title Assessment of Ergonomic Parameters of Rice Transplanters for Women Operators
260 ## - PUBLICATION, DISTRIBUTION, ETC. (IMPRINT)
Place of publication Tavanur 2017
Name of publisher Kelappaji College of Agricultural Engineeirng and Technology
300 ## - PHYSICAL DESCRIPTION
Number of Pages 175
500 ## - GENERAL NOTE
General note Assessment of Ergonomic Parameters of Rice Transplanters for Women Operators
520 ## - SUMMARY, ETC.
Summary, etc Assessment of Ergonomic Parameters of Rice Transplanters for Women Operators
700 ## - ADDED ENTRY--PERSONAL NAME
Personal name Dr. Bini Sam (Guide)
856 ## - ELECTRONIC LOCATION AND ACCESS
Uniform Resource Identifier https://drive.google.com/open?id=1jNN4JrLFdA_D0FlXD178M0xalxfSgCao
942 ## - ADDED ENTRY ELEMENTS (KOHA)
Koha item type Theses
Holdings
Collection code Home library Current library Shelving location Full call number Accession Number Koha item type Public note
Reference KAUAET KAUAET Reference 631.3 GOR/AS T 373 Theses M.Tech Thesis
free website counter